| 000 | 00457nam a2200157Ia 4500 | ||
|---|---|---|---|
| 008 | 230917s9999||||xx |||||||||||||| ||und|| | ||
| 020 | _cPON5.5 | ||
| 040 |
_e10646 _aMAIN |
||
| 041 | _aEnglish | ||
| 082 | _a519.5 P762H | ||
| 100 | _aPollard, J H | ||
| 245 | 0 | _aHandbook of numerical and statistical techniques: With examples mainly from the life science | |
| 260 |
_aCambridge _bCambridge University Press _c1979 |
||
| 300 | _axvi,349 p. | ||
| 942 | _cBK | ||
| 999 |
_c203148 _d203148 |
||